HIT ME HARD AND SOFT-Album (Billie Eilish) - Statistics

General Stats
  • This quiz has been taken 215 times
  • The average score is 9 of 10
Answer Stats
Hint Answer % Correct
2. LUNCH
97%
4. BIRDS OF A FEATHER
96%
10. BLUE
96%
1. SKINNY
94%
6. THE GREATEST
93%
5. WILDFLOWER
92%
3. CHIHIRO
90%
8. THE DINER
89%
9. BITTERSUITE
84%
7. L'AMOUR DE MA VIE
84%
No matching quizzes found
Score Distribution
Percent of People with Each Score
Percentile by Number Answered
Your Score History
You have not taken this quiz